| 000 | 00957cam a2200277 i 4500 | ||
|---|---|---|---|
| 001 | 2269363 | ||
| 003 | ARRUPE | ||
| 005 | 20141029020007.0 | ||
| 008 | 780607s1975 enk b 001 0 eng | ||
| 010 | _a 78306891 | ||
| 015 | _aGB76-01531 | ||
| 020 |
_a0722075472 : _c£11.00 |
||
| 040 |
_aDLC _cDLC _dDLC |
||
| 050 | 0 | 0 |
_aBT1750 _b.N44.L343 1975 |
| 100 | 1 |
_aLash, Nicholas. _92389 |
|
| 245 | 1 | 0 |
_aNewman on development : _bthe search for an explanation in history / _cNicholas Lash. |
| 260 |
_aLondon : _bSheed and Ward, _c1975. |
||
| 300 |
_axiii, 264 p. ; _c23 cm. |
||
| 500 | _aIncludes indexes. | ||
| 504 | _aBibliography: p. [209]-243. | ||
| 600 | 1 | 0 |
_aNewman, John Henry, _d1801-1890. _tEssay on the development of Christian doctrine. _92390 |
| 610 | 2 | 0 |
_aCatholic Church _xDoctrines _xHistory _y19th century. _92391 |
| 650 | 0 |
_aDogma, Development of. _92392 |
|
| 906 |
_a7 _bcbc _corignew _d3 _encip _f19 _gy-gencatlg |
||
| 942 |
_2lcc _cMONOGRAPH _01 |
||
| 999 |
_c118312 _d118312 |
||